| 000 | 00518nam a2200145 i 4500 | ||
|---|---|---|---|
| 001 | 70766 | ||
| 003 | ES-MaACL | ||
| 007 | t| | ||
| 008 | 040802s1953 sp ||||1| spa d | ||
| 100 | 1 |
_aGarnier, Christine. _955608 |
|
| 245 | 1 | 0 |
_aVacaciones con Oliveira Salazar / _cChristine Garnier ; versión directa de la edición francesa cotejada con la portuguesa por Nicolás González Ruíz. |
| 260 |
_aMadrid : _bEditorial Católica, _c1953. |
||
| 300 |
_a246 p., 16 lám. ; _c21 cm. |
||
| 852 |
_aES-MaACL _jC-6551 _bR.34861 |
||
| 999 |
_c70766 _d70766 |
||